| 000 | 00000nam 2200000za 4500 |
| 001 | 9.850693 |
| 003 | CaOODSP |
| 005 | 20221107154219 |
| 007 | cr ||||||||||| |
| 008 | 180125s1988 onc #os|||f|0| 0|eng d |
| 020 | |z0-660-53432-0 |
| 040 | |aCaOODSP|beng |
| 041 | |aeng|afre |
| 043 | |an-cn--- |
| 086 | 1 |aCS13-213/1988-PDF |
| 245 | 00|aProvincial economic accounts |h[electronic resource] : |bhistorical issue, 1961-1986 = Comptes économiques provinciaux : édition historique, 1961-1986. |
| 246 | 11|aComptes économiques provinciaux : |bédition historique, 1961-1986 |
| 260 | |aOttawa : |bStatistics Canada, |c1988. |
| 300 | |axxiv, 465 p. |
| 500 | |aDigitized edition from print [produced by Statistics Canada]. |
| 500 | |aAt head of title: System of National Accounts. |
| 500 | |a"June 1988." |
| 500 | |aChiefly tables. |
| 504 | |aIncludes bibliographic references. |
| 520 | |a"This publication presents a comprehensive record of the Provincial Economic Accounts for the period from 1961 to 1986. It incorporates the results of a major historical revision carried out in 1986 and 1987. The statistics herein are consistent with the revised estimates of the National Income and Expenditure Accounts released in July 1987"--Introduction. |
| 546 | |aText in English and in French. |
| 692 | 07|2gccst|aPublic accounts |
| 710 | 1 |aCanada. |bStatistics Canada. |bIncome and Expenditure Accounts Division. |
| 792 | |tProvincial economic accounts |efre|w(CaOODSP)9.850697 |
| 856 | 40|qPDF|s108.54 MB|uhttps://publications.gc.ca/collections/collection_2018/statcan/CS13-213-1988.pdf |
| 986 | |a13-213S |